MARC

LEADER 00000nam0a2200000 4500
001 286867
005 20231101235932.0
020 |a RU  |b 84-32620 
035 |a (RuTPU)RU\TPU\book\311221 
090 |a 286867 
100 |a 20150311d1984 k y0rusy5003 ca 
101 0 |a rus 
102 |a RU 
105 |a a z 001zy 
200 1 |a Электродинамическое псевдоожижение дисперсных систем  |f О. А. Мяздриков 
210 |a Ленинград  |c Химия  |d 1984 
215 |a 158 с.  |c ил. 
320 |a Библиогр.: с. 156-157 
606 |a Кипящий слой  |x Исследование  |2 stltpush  |3 (RuTPU)RU\TPU\subj\31813  |9 54565 
610 1 |a дисперсные системы 
610 1 |a псевдоожижение 
610 1 |a электродинамические методы 
610 1 |a физические основы 
610 1 |a возмущающие воздействия 
610 1 |a устойчивость 
610 1 |a пространственное положение 
610 1 |a управление 
610 1 |a техническая реализация 
610 1 |a электрические поля 
675 |a 66.096.5  |z rus  |v 3 
700 1 |a Мяздриков  |b О. А.  |g Олег Алексеевич 
801 0 |a RU  |b RuMRKP  |c 19950704  |g psbo 
801 1 |a RU  |b 63413507  |c 20150311 
801 2 |a RU  |b 63413507  |c 20180118  |g RCR 
942 |c BK